| 000 | 00534 a2200193 4500 | ||
|---|---|---|---|
| 005 | 20250213103807.0 | ||
| 008 | 250211b |||||||| |||| 00| 0 eng d | ||
| 020 |
_a9789390211555 _cRs. 395.00 |
||
| 040 | _aMAIN | ||
| 082 |
_a615.1901 _bC459T |
||
| 100 | _aChowdary, K P R | ||
| 245 | _aTextbook of clinical research and pharmacovigilance | ||
| 260 |
_bPharmaMed Press _c2024 _aHyderabad |
||
| 300 | _axv, 268 | ||
| 650 | _aPharmaceutical Science | ||
| 650 | _aClinical Research | ||
| 650 | _aPharmacovigilance | ||
| 942 | _cBK | ||
| 999 |
_c360893 _d360893 |
||